000 00557nam a22002177a 4500
003 UA-OsUOA
001 36887
007 ta
008 20060216b un ||||| |||| 00| 0 ukr d
100 _aРябчук В.
090 _a821
_bР11
942 _cSA
040 _aUA-OsUOA
_bukr
_cUA-OsUOA
_dUA-OsUOA
245 _aКартопляники голодного року/Проза
300 _aС.94-98
955 _a0
041 _aukr
080 _a821
773 0 _w36876
650 7 _a82 Література. Літературознавство
_2UDC
999 _c323121
_d323121